书目信息 |
| 题名: |
工程计量与计价
|
|
| 作者: | 李伙穆 , 郑文新 编著 | |
| 分册: | ||
| 出版信息: | 上海 上海交通大学出版社 2007.08 |
|
| 页数: | 326页 | |
| 开本: | 26cm | |
| 丛书名: | 21世纪高等职业教育规划教材双证系列 | |
| 单 册: | ||
| 中图分类: | TU723.3 | |
| 科图分类: | ||
| 主题词: | 建筑工程--jian zhu gong cheng--计量--高等学校--教材 | |
| 电子资源: | ||
| ISBN: | 978-7-313-04843-1 | |
| 000 | 01083nam 2200277 450 | |
| 001 | 012007408968 | |
| 005 | 20071105135128.70 | |
| 010 | @a978-7-313-04843-1@dCNY32.00 | |
| 100 | @a20070924d2007 km y0chiy0120 ea | |
| 101 | 0 | @achi |
| 102 | @aCN@b310000 | |
| 105 | @aa a 000yy | |
| 106 | @ar | |
| 200 | 1 | @a工程计量与计价@Agong cheng ji liang yu ji jia@f李伙穆, 郑文新等编著@Fli huo mu,zheng wen xin deng bian zhu |
| 210 | @a上海@c上海交通大学出版社@d2007.08 | |
| 215 | @a326页@c图@d26cm | |
| 225 | 2 | @a21世纪高等职业教育规划教材双证系列@A21 shi ji gao deng zhi ye jiao yu gui hua jiao cai shuang zheng xi lie |
| 320 | @a有书目。 | |
| 330 | @a本书主要包括固定资产投资程序、工程造价的定额计价方法、工程造价工程量清单计价方法、工程量及建筑面积的计算、土方工程、砌体工程等。 | |
| 410 | 0 | @12001 @a21世纪高等职业教育规划教材双证系列 |
| 606 | 0 | @a建筑工程@Ajian zhu gong cheng@x计量@x高等学校@j教材 |
| 690 | @aTU723.3@v4 | |
| 701 | 0 | @a李伙穆@Ali huo mu@4编著 |
| 701 | 0 | @a郑文新@Azheng wen xin@4编著 |
| 801 | 0 | @aCN@b@c20071105 |
| 905 | @b264590-92@dTU723.3@eL174@f3 | |
| 工程计量与计价/李伙穆, 郑文新等编著.-上海:上海交通大学出版社,2007.08 |
| 326页:图;26cm.-(21世纪高等职业教育规划教材双证系列) |
| ISBN 978-7-313-04843-1:CNY32.00 |
| 本书主要包括固定资产投资程序、工程造价的定额计价方法、工程造价工程量清单计价方法、工程量及建筑面积的计算、土方工程、砌体工程等。 |
| ● |
| 相关链接 |
|
|
|
正题名:工程计量与计价
索取号:TU723.3/L174
 
预约/预借
| 序号 | 登录号 | 条形码 | 馆藏地/架位号 | 状态 | 备注 |
| 1 | 264590 | 202645904 | 建筑库201/201建筑库 35排3列2层/ [索取号:TU723.3/L174] | 在馆 | |
| 2 | 264591 | 202645913 | 建筑库201/201建筑库 35排3列2层/ [索取号:TU723.3/L174] | 在馆 | |
| 3 | 264592 | 202645922 | 建筑库201/201建筑库 35排3列2层/ [索取号:TU723.3/L174] | 在馆 |